000 01654nam a2200217Ia 4500
999 _c41488
_d41488
003 OSt
005 20201008115808.0
008 160316s1979 xxu||||| |||| 00| 0 eng d
020 _a9780915463237
040 _cnls
082 _a339.500000
_bREI
100 _aReisman George
245 _aThe government against the economy : The story of the U.S. Government's on-going destruction of the American economic system through price controls
260 _aNew York
_bCaroline Publishers
_c1979
300 _a207p
365 _bRs. 6,690
505 _aAbout this Item: Jameson Books, Ottawa, Illinois, 1979. Soft cover. Condition: Near Fine. No Jacket. Number line 9 8 7 6 5, only; the fifth printing. As new unread with no reading creases but with small bump to bottom outside corner of front wrap. Chapters on "Price Controls No Remedy for Inflation"; "Why the Arab Oil Embargo Would Not Have Been a Threat to a Free Economy"; "Rebuttal of the Charge that Large Stocks of Oil Proved the Oil Shortage Was 'Manufactured' by the Oil Companies"; "The Free Market's Efficiency in Responding to Economic Change"; "How Repeal of Rent Controls Would Restore Harmony Between Landlords and Tenants"; "The Administrative Chaos of Price Controls"; "The Chaos of Socialism"; "The Myth of Socialist Planning"; "The Tyranny of Socialism"; "The Necessity of Tyranny Under Socialism"; "The Necessity of Forced Labor Under Socialism"; "From Forced Labor to Mass Murder Under Socialism", etc. 207 pp. including Index and Notes
650 _a1. Price Regulation - U S A 2. Wage - Price Policy 3. Free Enterprise - Industrial Policy
700 _a
_a
942 _2ddc
_cBK